[Event "CAN-ch U12"]
[Site "Windsor"]
[Date "2016.07.08"]
[Round "7.71"]
[White "Asemota, Eghosa"]
[Black "Rivard, Jacob"]
[Result "1-0"]
[WhiteElo "782"]
[BlackElo "1080"]
[PlyCount "47"]
[EventDate "2016.07.05"]
[EventType "swiss"]
[EventRounds "7"]
[EventCountry "CAN"]
[SourceTitle "EXT 2022"]
[Source "ChessBase"]
[SourceDate "2021.10.06"]
[SourceVersion "1"]
[SourceVersionDate "2021.10.06"]
[SourceQuality "1"]

1. e4 e5 2. Nf3 Nc6 3. Nc3 Bb4 4. d3 Nf6 5. Bg5 d6 6. Bxf6 Qxf6 7. a3 Bxc3+ 8. bxc3 Bg4 9. h3 Be6 10. Be2 a6 11. 0-0 h6 12. d4 exd4 13. cxd4 Rd8 14. d5 Na5 15. dxe6 fxe6 16. Qd4 Qe7 17. Qa4+ c6 18. Qxa5 d5 19. exd5 exd5 20. Bd3 d4 21. Rfe1 Qxe1+ 22. Rxe1+ Kd7 23. Bf5+ Kd6 24. Qe5# 1-0